Anārakalī. (Record no. 78604)

MARC details
000 -LEADER
fixed length control field 00590cam a22002291 4500
001 - CONTROL NUMBER
control field sa 68002303
003 - CONTROL NUMBER IDENTIFIER
control field DLC
005 - DATE AND TIME OF LATEST TRANSACTION
control field 20260227112441.0
008 - FIXED-LENGTH DATA ELEMENTS--GENERAL INFORMATION
fixed length control field 800726s1966 ii 000 1 guj
010 ## - LIBRARY OF CONGRESS CONTROL NUMBER
LC control number sa 68002303
035 ## - SYSTEM CONTROL NUMBER
System control number (OCoLC)28431095
040 ## - CATALOGING SOURCE
Original cataloging agency DLC
Transcribing agency NN
Modifying agency DLC
050 00 - LIBRARY OF CONGRESS CALL NUMBER
Classification number PK1859.M45
Item number A8
100 1# - MAIN ENTRY--PERSONAL NAME
Personal name Mehta, Rasik.
245 10 - TITLE STATEMENT
Title Anārakalī.
Statement of responsibility, etc. Rasika Mehatā.
250 ## - EDITION STATEMENT
Edition statement Prathamāvr̥tti.
260 ## - PUBLICATION, DISTRIBUTION, ETC.
Place of publication, distribution, etc. Sūrata,
Name of publisher, distributor, etc. Sāhitya Saṅgama
Date of publication, distribution, etc. [1966]
300 ## - PHYSICAL DESCRIPTION
Extent 2 v.
Dimensions 19 cm.
546 ## - LANGUAGE NOTE
Language note In Gujarati.
500 ## - GENERAL NOTE
General note A novel.
600 00 - SUBJECT ADDED ENTRY--PERSONAL NAME
Personal name Anārkalī,
Dates associated with a name -1599
Form subdivision Fiction.

No items available.

Powered by Koha